| 000 | 00966nam a22002895i 4500 | ||
|---|---|---|---|
| 001 | 11997 | ||
| 003 | ES-MaACL | ||
| 005 | 20230906150221.0 | ||
| 007 | t| | ||
| 008 | 910910s1988 sp ||||0| spa j | ||
| 020 | _a84-7754-034-9 | ||
| 040 |
_aM-BN _bspa _cM-BN |
||
| 080 | _a539.12 | ||
| 100 | 1 |
_aFernández Alvarez-Estrada, Ramón. _949460 |
|
| 245 | 1 | 0 |
_aPartículas elementales / _cRamón Fernández Alvarez-Estrada, Marina Ramón Medrano. |
| 260 |
_aMadrid : _bEUDEMA, _cD.L. 1988. |
||
| 300 |
_a172 p : _bil ; _c21 cm. |
||
| 490 | 1 | _aEUDEMA universidad. Textos de apoyo | |
| 490 | 1 | _aTemas de la física de hoy | |
| 500 | _aIndice. | ||
| 650 | 1 | 4 |
_aPartículas (Física nuclear) _915856 |
| 700 | 1 |
_aRamón Medrano, Marina. _995221 |
|
| 830 | 0 |
_aEUDEMA universidad. Textos de apoyo _9178862 |
|
| 830 | 0 |
_aTemas de la física de hoy _9228238 |
|
| 852 |
_aES-MaACL _jL-19309 _bR.120008 _q. - Ded. autógr. de los autores |
||
| 999 |
_c11997 _d11997 |
||